书目信息 |
| 题名: |
古代版画艺术
|
|
| 作者: | 孙宁 编著 | |
| 分册: | ||
| 出版信息: | 长春 吉林文史出版社 2018重印 |
|
| 页数: | 120页 | |
| 开本: | 23cm | |
| 丛书名: | 中国文化知识读本 | |
| 单 册: | ||
| 中图分类: | J217 | |
| 科图分类: | ||
| 主题词: | 版画--Ban Hua--艺术--中国--古代 | |
| 电子资源: | ||
| ISBN: | 978-7-5463-1263-7 | |
| 000 | 00870nam 2200265 45 | |
| 001 | 012001009934 | |
| 005 | 20140101154447.0 | |
| 010 | @a978-7-5463-1263-7@dCNY34.80 | |
| 099 | @aCAL 012010192094 | |
| 100 | @a20100919d2010 em y0chiy50 ea | |
| 101 | 0 | @achi |
| 102 | @aCN@b220000 | |
| 105 | @aafh z 000yy | |
| 106 | @ar | |
| 200 | 1 | @a古代版画艺术@AGu Dai Ban Hua Yi Shu@f编著孙宁 |
| 210 | @a长春@c吉林文史出版社@d2018重印 | |
| 215 | @a120页@c图, 摹真@d23cm | |
| 225 | 2 | @a中国文化知识读本@AZhong Guo Wen Hua Zhi Shi Du Ben |
| 330 | @a本书共分四部分,内容包括:版画的定义及起源、版画的分类及制作方法、中国版画艺术的历史、中国版画艺术的发展。 | |
| 410 | 0 | @12001@a中国文化知识读本 |
| 606 | 0 | @a版画@ABan Hua@x艺术@y中国@z古代 |
| 690 | @aJ217@v4 | |
| 701 | 0 | @a孙宁@ASun Ning@4编著 |
| 801 | 2 | @aCN@b上海新华@c20191020 |
| 905 | @b1135001-3@dJ217@e1091@f3 | |
| 古代版画艺术/编著孙宁.-长春:吉林文史出版社,2018重印 |
| 120页:图, 摹真;23cm.-(中国文化知识读本) |
| ISBN 978-7-5463-1263-7:CNY34.80 |
| 本书共分四部分,内容包括:版画的定义及起源、版画的分类及制作方法、中国版画艺术的历史、中国版画艺术的发展。 |
| ● |
| 相关链接 |
|
|
|
|
正题名:古代版画艺术
索取号:J217/1091
 
预约/预借
| 序号 | 登录号 | 条形码 | 馆藏地/架位号 | 状态 | 备注 |
| 1 | 1135001 | 211350018 | 第一样本阅览室/ [索取号:J217/1091] | 在馆 | |
| 2 | 1135002 | 211350027 | 第一借阅区/ [索取号:J217/1091] | 在馆 | |
| 3 | 1135003 | 211350036 | 第一借阅区/ [索取号:J217/1091] | 在馆 |